000 00517nam a2200181Ia 4500
999 _c3284
_d3284
003 GBCCL
005 20241126110451.0
008 171123b xxu||||| |||| 00| 0 eng d
020 _a8170860326
040 _cgbc
082 _a253.5
_bCUR
100 _aCurrie, Joe S.J
_96746
245 4 _aThe Barefoot Counsellor /
_cJoe Currie, S.J.
260 _bASIAN TRADING CORPORATION:
_aBangalore,
_c1992.
300 _a190p.;
_c20 cm.
650 _aPastoral Care and Counselling
_96747
942 _e3RD ED
_2ddc
_cBK
_k253.5
_mCUR
_08